| 000 | 00600nam a22001577a 4500 | ||
|---|---|---|---|
| 008 | 140815b xxu||||| |||| 00| 0 eng d | ||
| 020 | _a0406095043 | ||
| 050 | _aKD276.3.L39(1947) | ||
| 100 | _aedited by Sutton, Ralph. | ||
| 245 |
_aThe Law Reports(1947) Chancery division: of the incorporated council of law reporting, chancery division and cases in lunacy and on appeal therefrom in the court of appeal. / _cedited by Ralph Sutton. |
||
| 260 |
_aLondon: _bButterworth & Co Ltd, _c1947. |
||
| 300 |
_avi,787p.: _c24cm. |
||
| 440 | _pChancery division. | ||
| 800 | _aSutton Ralph | ||
| 942 |
_2lcc _cBK |
||
| 999 |
_c3389 _d10889 |
||